Culture Générale - Série 2134 - Statistiques

Statistiques générales
  • Ce quiz a été pris 102 fois
  • Le résultat moyen est 4 sur 10
Statistiques - réponses
Question Réponse % Correct
Quelle chanteuse "libertine" est née le 12 septembre 1961 à Pierrefonds au Québec ? prénom et nom Mylène Farmer
70%
Quel pays de l'Afrique australe a été rebaptisé "Eswatini" en 2018 ? Swaziland
68%
William Frederick Cody est une figure mythique de la conquête de l'Ouest connu sous le nom de ..... voir photo Buffalo Bill
66%
Quelle est le nom de scène de la chanteuse Isabelle Marie Anne de Truchis de Varennes ? Zazie
60%
Quelle est la plus grande ville de l'état de Washington aux Etats Unis ? Seattle
55%
Vincent Dubois et Jean-Christian Fraiscinet forment un duo comique appelé : "Les .... Les Bodin's
33%
Qui a écrit "Le petit Nicolas"(œuvre de littérature pour la jeunesse ) de 1956 à 1965 ? prénom et nom René Goscinny
31%
Dans quel pays africain se trouve le Parc national animalier du South Luangwa ? Zambie
30%
Quelle ville allemande est surnommée "La Florence de l'Elbe" ? Dresde
22%
Sous quel nom connaissait-on mieux le comédien français Gérard Adjémian (1922-2019) ? Charles Gérard
11%
Aucun quiz correspondant
Distribution des résultats
% des personnes avec chaque résultat
Percentile par nombre de réponses
Votre historique - résultats
Vous n’avez pas pris ce quiz